Statistics for Communities in Delaware County, Pennsylvania - Map Quiz

Click here to take the quiz!

General Stats

  • This quiz has been taken 10 times
    (9 since last reset)
  • The average score is 27 of 60

Answers on the Map

Answers color-coded by a green-red scale on the quiz's map according to % correct below.
 

Answer Stats

Answer% Correct
Chester
86%
Brookhaven
71%
Chadds Ford Township
71%
Drexel Hill
71%
Haverford Township
71%
Tinicum Township
71%
Aston Township
57%
Broomall
57%
Chester Heights
57%
Chester Township
57%
Cheyney University
57%
Eddystone
57%
Marcus Hook
57%
Marple Township
57%
Media
57%
Parkside
57%
Radnor Township
57%
Trainer
57%
Upland
57%
Ardmore
43%
Bethel Township
43%
Boothwyn
43%
Clifton Heights
43%
Collingdale
43%
Concord Township
43%
Darby
43%
Edgmont Township
43%
Haverford College
43%
Lima
43%
Lower Chichester Township
43%
Middletown Township
43%
Millbourne
43%
Nether Providence Township
43%
Newtown Township
43%
Ridley Township
43%
Swarthmore
43%
Upper Chichester Township
43%
Upper Darby Township
43%
Upper Providence Township
43%
Village Green-Green Ridge
43%
Aldan
29%
Colwyn
29%
Darby Township
29%
East Lansdowne
29%
Folcroft
29%
Folsom
29%
Glenolden
29%
Lansdowne
29%
Linwood
29%
Morton
29%
Norwood
29%
Prospect Park
29%
Ridley Park
29%
Rose Valley
29%
Rutledge
29%
Sharon Hill
29%
Springfield Township
29%
Thornbury Township
29%
Woodlyn
29%
Yeadon
29%

Score Distribution

Percentile by Number Answered

Percent of People with Each Score

Your Score History

You have not taken this quiz since the last reset